Local Government (Scotland) Act 1973 Section 74 Disposal of Land by Local Authorities (Scotland) Regulations 2010 (Record no. 82388)

MARC details
000 -LEADER
fixed length control field 01450cad a22002415a 4500
001 - CONTROL NUMBER
control field E150086
008 - FIXED-LENGTH DATA ELEMENTS--GENERAL INFORMATION
fixed length control field 100601e20100601xxk 000 0 eng d
035 ## - SYSTEM CONTROL NUMBER
System control number (Sirsi) u150086
041 0# - LANGUAGE CODE
Language code of text/sound track or separate title eng
110 2# - MAIN ENTRY--CORPORATE NAME
Corporate name or jurisdiction name as entry element Scotland
Subordinate unit Scottish Government
9 (RLIN) 5344
245 00 - TITLE STATEMENT
Title Local Government (Scotland) Act 1973 Section 74 Disposal of Land by Local Authorities (Scotland) Regulations 2010
Remainder of title supporting guidance for disposals of land at less than best consideration that can reasonably be obtained
Medium [electronic resource]
260 ## - PUBLICATION, DISTRIBUTION, ETC.
Date of publication, distribution, etc. 2010
490 ## - SERIES STATEMENT
Series statement Scottish Government Statutory Guidance
Volume/sequential designation 1 June 2010
520 ## - SUMMARY, ETC.
Summary, etc. Guidance on the duty to appoint and instruct a suitably qualified valuer to determine the value of best consideration for land. Also discusses the factors which should be taken into account, or not, in undertaking that valuation. This Statutory Guidance is issued under the Local Government (Scotland) Act 1973 S74, as amended by the Local Government in Scotland Act 2003 S11.
590 ## - LOCAL NOTE (RLIN)
Local note KA NTK
650 24 - SUBJECT ADDED ENTRY--TOPICAL TERM
Topical term or geographic name entry element LOCAL GOVERNMENT (SCOTLAND) ACT 1973 S74
650 24 - SUBJECT ADDED ENTRY--TOPICAL TERM
Topical term or geographic name entry element LOCAL GOVERNMENT IN SCOTLAND ACT 2003 S11
650 24 - SUBJECT ADDED ENTRY--TOPICAL TERM
Topical term or geographic name entry element DISPOSAL OF LAND BY LOCAL AUTHORITIES (SCOTLAND) REGULATIONS 2010
651 #4 - SUBJECT ADDED ENTRY--GEOGRAPHIC NAME
Geographic name Scotland
Chronological subdivision 1999-
690 ## - LOCAL SUBJECT ADDED ENTRY--TOPICAL TERM (OCLC, RLIN)
Topical term or geographic name as entry element PROPERTY-PROPERTY APPRAISAL AND VALUATION
856 40 - ELECTRONIC LOCATION AND ACCESS
Uniform Resource Identifier <a href="https://www.scotland.gov.uk/Publications/2010/05/qualified-valuer-guidance">https://www.scotland.gov.uk/Publications/2010/05/qualified-valuer-guidance</a>
Public note View the guidance free of charge at www.scotland.gov.uk
942 ## - ADDED ENTRY ELEMENTS (KOHA)
Suppress in OPAC 0
Holdings
Withdrawn status Lost status Source of classification or shelving scheme Damaged status Not for loan Home library Current library Shelving location Date acquired Total Checkouts Full call number Barcode Date last seen Copy number Price effective from Koha item type
    Dewey Decimal Classification     Virtual Virtual Online 01/06/2010   ONLINE PUBLICATION 150086-2001 06/08/2019 1 06/08/2019 Journal article